| 000 | 01747nam a2200253Ia 4500 | ||
|---|---|---|---|
| 999 |
_c5860 _d5860 |
||
| 003 | OSt | ||
| 005 | 20200402110312.0 | ||
| 008 | 191128s1996 ck gr 000 0 spa d | ||
| 020 | _a9586016714 | ||
| 040 |
_aCO-JMCR _cCO-JMCR |
||
| 041 | 0 | _aspa | |
| 082 | 0 | 4 |
_a320 .9861 _bL435t _221 |
| 100 | 1 |
_aLeal Buitrago, Francisco, _eeditor _92405 |
|
| 245 | 1 | 0 |
_aTras las huellas de la crisis política / _ceditor, Francisco Leal Buitrago |
| 260 |
_aBogotá : _bUniversidad Nacional de Colombia : Tercer mundo, _c1996 |
||
| 300 |
_a298 páginas ; _c21 cm. |
||
| 504 | _aBibliografía: páginas 263-272 | ||
| 505 | 0 |
_tAlcances y dilemas de la crisis política / _rFrancisco Leal Buitrago _tEl ejecutivo en la crisis : dimensiones, antecedentes y perspectivas / _rLuis Alberto Restrepo _tEl Congreso colombiano ante la crisis / _rFernando Cepeda Ulloa _tJueces, narcos y políticos : la judicialización de la crisis política / _rRodrigo Uprimny _tNarcotráfico, coyuntura y crisis : sugerencias para un debate / _rAlvaro Camacho Guizado _tLa mano invisible : narcotráfico, economía y crisis / _rMauricio Reina _tDiplomacia coercitiva, narcotráfico y crisis : ¿el deterioro irreversible de las relaciones entre Estados Unidos y Colombia? / _rJuan Gabriel Tokatlian _tLa crisis de los partidos y los partidos en la crisis / _rJavier Dario Restrepo |
|
| 520 | _aLa crisis que hoy experimenta el país ha sido motivada en gran medida por la acumulación de problemas-agrario, violencias, impunidad, concentración de riqueza, corrupción, etc. | ||
| 650 | 1 | 4 |
_aCrisis política _y1995-1996 _zColombia _92406 |
| 650 | 1 | 4 |
_aProceso 8000 _xnarcotráfico _zColombia _92407 |
| 650 | 1 | 4 |
_aPolítica y gobierno _y1995-1996 _zColombia _92408 |
| 942 |
_2ddc _cBK |
||